پلٹی ہوءی آواز (Record no. 15065)

MARC details
000 -LEADER
fixed length control field 00258nam a22001097a 4500
082 ## - DEWEY DECIMAL CLASSIFICATION NUMBER
Classification number 808.22ج ا و
100 ## - MAIN ENTRY--AUTHOR NAME
Personal name سید جاوید اختر
245 ## - TITLE STATEMENT
Title پلٹی ہوءی آواز
260 ## - PUBLICATION, DISTRIBUTION, ETC. (IMPRINT)
Place of publication بہاول پور
Year of publication ۱۹۹۱
300 ## - PHYSICAL DESCRIPTION
Number of Pages ۱۸۴
942 ## - ADDED ENTRY ELEMENTS (KOHA)
Koha item type Books
Holdings
Withdrawn status Lost status Collection code Home library Current library Date acquired Full call number Accession Number Koha item type
    Reference Reference Section Reference Section 05/01/2016 808.22ج ا و (Shelf - 96C) 16873 Books